000 00645nas a2200241 4500
001 BR9207121
003 BR-BrBNA
005 20231205100457.0
007 ta
008 230509b bl.|||p| |||| 00| 00por d
040 _aBR-BrBNA
_bpor
_cBiblioteca Nacional de Agricultura
041 _a(Pt)
072 _aL01
100 1 _aAnon.
245 1 _aGaiolas; 12 vantagens e 5 desvantagens
650 _aGalinha
650 _aGaiola
650 _aCriacao
650 _aPratico
773 0 _tAves e Ovos (Brazil)
_xISSN 0005-2000
_g(Aug-Sep 1968), v. 3(18) p. 22
_wBR9207121
909 _a202311
_bLúcia
_c55
_dLúcia Elande
942 _2AGRIS
_n0
_cANA
999 _c156257
_d156257